000 00725cam a2200229 4500
001 1170
005 20181127162824.0
008 070817s2008 njua b 001 0 eng
010 _a 2007034147
020 _a0131746170 (alk. paper)
020 _a0138142734 (pbk.)
020 _a9780131746176 (alk. paper)
020 _a9780138142735 (pbk.)
100 1 _aDessler, Gary,
_d1942-
245 1 0 _aHuman resource management /
_cGary Dessler.
250 _a11th ed.
260 _aNew Delhi :
_bPearson,
_c2010.
300 _axxviii, 801 p. :
_bill. (chiefly col.) ;
_c27 cm.
504 _aIncludes bibliographical references and indexes.
650 0 _aPersonnel management.
700 _aVarkkey, Biju.
_b
_c
_d
_e
_k
_l
_m
_n
_o
_p
_q
_r
_s
_t
999 _c820
_d820